| 000 | 00000nam##2200000za#4500 |
| 001 | 9.606721 |
| 003 | CaOODSP |
| 005 | 20250129103524 |
| 007 | cr ||||||||||| |
| 008 | 150406|2009||||xxc|||||o f|0| 0 fre|d |
| 040 | |aCaOODSP|bfre |
| 043 | |an-cn--- |
| 086 | 1 |aEn57-41/15-2009F-PDF |
| 110 | 2 |aService météorologique du Canada. |
| 245 | 10|aEffets des phénomènes climatiques extrêmes sur la biodiversité dans les amériques / |h[ressource électronique]|cpar Marianne B. Karsh et Don C. MacIver. |
| 260 | |aToronto - Ontario : |bEnvironnement Canada. |c2009. |
| 300 | |a44p.|bcartes en couleur, graphiques, références, tableaux |
| 490 | 1 |aPapier occasionnel|v15 |
| 590 | |a14-08-Supp|b2014-04-10 |
| 775 | 08|tImpacts of climate extremes on biodiversity in the Americas / |w(CaOODSP)9.572036 |
| 830 | #0|aPapier occasionnel ;|v15|w(CaOODSP)9.504138 |
| 856 | 40|ahttp://publications.gc.ca|qPDF|s947 Ko|uhttps://publications.gc.ca/collections/collection_2014/ec/En57-41-15-2009-fra.pdf|y15 |